Interpretation of Dreams (Record no. 13303)

MARC details
000 -LEADER
fixed length control field 00382nam a22001697a 4500
003 - CONTROL NUMBER IDENTIFIER
control field OSt
008 - FIXED-LENGTH DATA ELEMENTS--GENERAL INFORMATION
fixed length control field 250416b |||||||| |||| 00| 0 eng d
020 ## - INTERNATIONAL STANDARD BOOK NUMBER
International Standard Book Number 9788175994003
082 ## - DEWEY DECIMAL CLASSIFICATION NUMBER
Classification number 154.63 FRI
100 ## - MAIN ENTRY--PERSONAL NAME
Personal name FREUD,Sigmund
245 ## - TITLE STATEMENT
Title Interpretation of Dreams
250 ## - EDITION STATEMENT
Edition statement Rep
260 ## - PUBLICATION, DISTRIBUTION, ETC. (IMPRINT)
Place of publication, distribution, etc New Delhi
Name of publisher, distributor, etc Classics
Date of publication, distribution, etc 2023
300 ## - PHYSICAL DESCRIPTION
Extent 543
650 ## - SUBJECT ADDED ENTRY--TOPICAL TERM
Topical term or geographic name as entry element General
942 ## - ADDED ENTRY ELEMENTS (KOHA)
Source of classification or shelving scheme Dewey Decimal Classification
Koha item type Text Books
Holdings
Withdrawn status Lost status Source of classification or shelving scheme Damaged status Not for loan Collection code Home library Current library Date acquired Source of acquisition Currency Cost, normal purchase price Bill Number Total Checkouts Full call number Acc. no. / Barcode Date last seen Actual Cost, discounted price Bill Date Koha item type Date last borrowed
    Dewey Decimal Classification     GENERAL PIET C-LIBRARY PIET C-LIBRARY 04/04/2025 Zaffa Books INR 299.00 ZBD0036   154.63 FRI 39165 16/04/2025 224.25 04/04/2025 Reference Books  
    Dewey Decimal Classification     GENERAL PIET C-LIBRARY PIET C-LIBRARY 04/04/2025 Zaffa Books INR 299.00 ZBD0036 2 154.63 FRI 39166 11/05/2026 224.25 04/04/2025 Text Books 25/04/2026

Design & Developed by: PIET Central Library
R70 Miles Stone Pattikalyana Samalkha Panipat 132102
mail ID :- [email protected], Phone No:- 0180-2569700 Ex.216